Sports Quiz

Random Sports or College Quiz

Top 25 SEC Football Career Rushing Leaders Quiz Stats

 Plays Quiz not verified by Sporcle

Score 0/25 Timer 10:00
0 Plays Today
Yards Player % Correct
5259Herschel Walker
93.2%
4590Darren McFadden
87.8%
4303Bo Jackson
85.1%
3831Carnell Williams
71.6%
3591Derrick Henry
71.6%
3928Emmitt Smith
70.3%
3333Moe Williams
70.3%
3830Leonard Fournette
62.2%
3424Nick Chubb
58.1%
3285Todd Gurley
52.7%
4035Charles Alexander
43.2%
3565Shaun Alexander
43.2%
4557Kevin Faulk
40.5%
Yards Player % Correct
3322T.J. Yeldon
36.5%
4163Errict Rhett
23%
3420Bobby Humphrey
20.3%
3321Ben Tate
20.3%
3347Ralph Webb
17.6%
3835Sonny Collins
16.2%
3703Alex Collins
16.2%
4050Dalton Hilliard
14.9%
3523James Brooks
13.5%
3994Anthony Dixon
12.2%
3368Joe Cribbs
10.8%
3324Kenneth Darby
8.1%

You're not logged in!

Compare scores with friends on all Sporcle quizzes.
OR
Log In

Sporcle TV

Today on Sporcle TV


Watch our educational content, quiz creation guides, and fun videos on Sporcle TV.

Show Comments

Extras

Top Quizzes Today


Score Distribution

Your Account Isn't Verified!

In order to create a playlist on Sporcle, you need to verify the email address you used during registration. Go to your Sporcle Settings to finish the process.

Report this User

Report this user for behavior that violates our Community Guidelines.

Details: